00738nam a2200193 a 450000100100000000500170001000800410002704000250006808200150009310000470010824501030015526000630025830000270032149000250034883000320037304900090040595201130041499900170052700001571420200929164128.0100217s1983 sp a 000 0 spa d aDO-SdBNPbspacBNPHU axxxbT595p1 aMelendez Muñoz, Migueld1884-196693105610aTipos puertorriqueños :bprosa costumbrista del siglo 20 /cMiguel Melendez Muñoz... [et al.]. aBarcelona :bInstituto de Cultura Puertorriqueña,c1983. a48 p. :bil. ;c22 cm.1 aLibros del pueblov8 0aLibros del pueblon8935381 aBNPD 001050718MOaPDbPDcCTd2010-02-17iLF1l0oxxx T595pp15714-10r2020-06-25w2020-06-25y1ZNo se presta c15266d15266